Normal view
MARC view
Entry Topical Term
001 - CONTROL NUMBER
- control field: 777231
003 - CONTROL NUMBER IDENTIFIER
- control field: OSt
005 - DATE AND TIME OF LATEST TRANSACTION
- control field: 20250508164051.0
008 - FIXED-LENGTH DATA ELEMENTS
- fixed length control field: 250508|| aca||aabn | a|a d
040 ## - CATALOGING SOURCE
- Original cataloging agency: OSt
- Transcribing agency: OSt
150 ## - HEADING--TOPICAL TERM
- Topical term or geographic name entry element: Education - Sociology; Curriculum
670 ## - SOURCE DATA FOUND
- Source citation: Work cat.: (OSt)1386890: Young Michael F D 777230, Curriculum of the future from the 'new sociology of education' to a critical theory of learning, 1998
